<?xml version="1.0" encoding="UTF-8"?>
<record
    xmlns:xsi="http://www.w3.org/2001/XMLSchema-instance"
    xsi:schemaLocation="http://www.loc.gov/MARC21/slim http://www.loc.gov/standards/marcxml/schema/MARC21slim.xsd"
    xmlns="http://www.loc.gov/MARC21/slim">

  <leader>03210nam a22002777a 4500</leader>
  <controlfield tag="003">DO-SdBNP</controlfield>
  <controlfield tag="005">20210413122429.0</controlfield>
  <controlfield tag="008">210308b 2017 dr 00| 0 spa d</controlfield>
  <datafield tag="020" ind1=" " ind2=" ">
    <subfield code="a">9789945503029</subfield>
  </datafield>
  <datafield tag="040" ind1=" " ind2=" ">
    <subfield code="a">BPMSU</subfield>
    <subfield code="b">Spa</subfield>
    <subfield code="c">BPMSU</subfield>
  </datafield>
  <datafield tag="082" ind1=" " ind2=" ">
    <subfield code="a">RD861.44</subfield>
    <subfield code="b">R595p 2017</subfield>
    <subfield code="2">22</subfield>
  </datafield>
  <datafield tag="100" ind1="1" ind2=" ">
    <subfield code="a">Risco Berm&#xFA;dez, Ren&#xE9; del</subfield>
    <subfield code="d">1937-1972</subfield>
  </datafield>
  <datafield tag="110" ind1=" " ind2=" ">
    <subfield code="a"> </subfield>
  </datafield>
  <datafield tag="245" ind1=" " ind2=" ">
    <subfield code="a">Poes&#xED;a reunida /</subfield>
    <subfield code="c">Ren&#xE9; del Risco Berm&#xFA;dez</subfield>
  </datafield>
  <datafield tag="260" ind1=" " ind2=" ">
    <subfield code="a">Santo Domingo :</subfield>
    <subfield code="b">Editora Nacional,</subfield>
    <subfield code="c">2017</subfield>
  </datafield>
  <datafield tag="300" ind1=" " ind2=" ">
    <subfield code="a">279 p. ;</subfield>
    <subfield code="c">21 cm.</subfield>
  </datafield>
  <datafield tag="490" ind1="1" ind2=" ">
    <subfield code="a">Poes&#xED;a</subfield>
  </datafield>
  <datafield tag="500" ind1=" " ind2=" ">
    <subfield code="a">Incluye datos biogr&#xE1;ficos del autor en la solapa de la cubierta</subfield>
  </datafield>
  <datafield tag="505" ind1=" " ind2=" ">
    <subfield code="a">Poemas -- La casa -- Epitafio para un vecino -- La costurera --Las ramas  -- Peque&#xF1;a muerte -- Lo mismo. 
 -- Se oyen pasos...tus pasos  -- La infancia -- Aquel lucero  --Tiempo de espera -- Soneto a oscuras  --D&#xE9;jame entrar a ti --Tu frente -- Yo persigo tu nombre  -- Soneto con tu luz -- Soneto entusiasmado --Patria  --A Mar&#xED;a Teresa Miraba --A ti --Desde entonces --Orfeo solidario --Estancia de amor --Oda de la ma&#xF1;ana infantil --Estribillo de amor para domingos --Palabras a una muchacha hallada en una revista --Carmen sugerida frente al mar --Oda a Miramar --Voz persistente...--Eur&#xED;dice invencible --Palabras por Eur&#xED;dice perdida --Palabras pora Eur&#xED;dice --Entrega --Verano de oficina --[Sin t&#xED;tulo] --A veces es mejor --Esta carta --Hay necesidad de ti --Oye, patria --Hab&#xED;a muerto Milito 
--Oda a C&#xE9;sar Batista --Palabras al o&#xED;do de un h&#xE9;roe --Oda sobre la tumba de mi amigo Jes&#xFA;s -- Justificaci&#xF3;n de la oda -- El compa&#xF1;ero Jacques Viau  -- Por la muerte de todos -- Aqu&#xED; o en otras tierras -- La guerra no se olvida --Yo que la quer&#xED;a tanto --La guerra tiene la cabeza -- Lo mataron, s&#xED; -- Ahora que el fuego dobla -- Canto para muchacho de mi pueblo -- Meditaci&#xF3;n en la guerra -- La amiga de la guerra -- Oda gris por el soldado invasor --Carta de amor y de guerra -- Por todos nuestros muertos -- Palabras para invasores --Te escribo en el borde de la noches --Exactamente iguales...p -- Unas palabras con Che Guevara muerto -- A los pies de la estatua -- Los hombres tienen manos como de hierro -- Entonce, para que?-- Aqu&#xED; cerca del mar --Estribillo de puerto Rico --Oda erguida en la muerte de Jul&#xED;an Grimau --Un general habla de muerte --Ofrenda lamentable a un general invasor --Caramba, general --No est&#xE1; bien, sin embargo --En reposo --Y se marcha --Palabras a Dios --El viento frio --Belicia, mi amiga --Todo suceder&#xE1; --La ma&#xF1;ana --Belicia, hoy quiero cantar--Si he llegado a tus manos --El diario caminar --En la ciudad --Han empezado --Esta dulce mujer --Esta ciudad --Tu, que hablas --Si nos atrevemos a salir --Y no importa --Este es un juego triste --Preferir&#xE9; recordar --No era esta ciudad --No estaremos t&#xFA; y yo --OTROS POEMAS --Canto para alegrar a los nautas --Sin t&#xED;tulo --Prisionero --Canto fraternal para cuba --Sin titulo --Poema de ahora --Paisajes para el amor --Habitaci&#xF3;n del d&#xED;a  --T&#xFA; ser&#xE1;s para siempre --Jack, el viejo --Canto para matar el amor.</subfield>
  </datafield>
  <datafield tag="590" ind1=" " ind2=" ">
    <subfield code="6">Inventariado, 2021/VM</subfield>
  </datafield>
  <datafield tag="650" ind1=" " ind2="4">
    <subfield code="a">Poes&#xED;a dominicana</subfield>
  </datafield>
  <datafield tag="650" ind1=" " ind2="4">
    <subfield code="a">Literatura dominicana</subfield>
  </datafield>
  <datafield tag="830" ind1=" " ind2=" ">
    <subfield code="a">Poes&#xED;a</subfield>
  </datafield>
  <datafield tag="910" ind1=" " ind2=" ">
    <subfield code="a">MCabrera / VMateo</subfield>
  </datafield>
  <datafield tag="942" ind1=" " ind2=" ">
    <subfield code="2">ddc</subfield>
    <subfield code="c">BK</subfield>
  </datafield>
  <datafield tag="952" ind1=" " ind2=" ">
    <subfield code="0">0</subfield>
    <subfield code="1">0</subfield>
    <subfield code="2">ddc</subfield>
    <subfield code="4">0</subfield>
    <subfield code="7">0</subfield>
    <subfield code="8">CD</subfield>
    <subfield code="a">BPMET</subfield>
    <subfield code="b">BPMET</subfield>
    <subfield code="d">2021-03-16</subfield>
    <subfield code="e">Editora Nacional </subfield>
    <subfield code="o">BPMSU CD RD861.44 R595p 2017</subfield>
    <subfield code="p">BPMSU22070003</subfield>
    <subfield code="r">2021-03-16</subfield>
    <subfield code="w">2021-03-16</subfield>
    <subfield code="y">BK</subfield>
  </datafield>
  <datafield tag="952" ind1=" " ind2=" ">
    <subfield code="0">0</subfield>
    <subfield code="1">0</subfield>
    <subfield code="2">ddc</subfield>
    <subfield code="4">0</subfield>
    <subfield code="7">0</subfield>
    <subfield code="8">CD</subfield>
    <subfield code="a">BPMET</subfield>
    <subfield code="b">BPMET</subfield>
    <subfield code="d">2021-03-16</subfield>
    <subfield code="e">Editora Nacional </subfield>
    <subfield code="o">BPMSU CD RD861.44 R595p 2017</subfield>
    <subfield code="p">BPMSU21030038</subfield>
    <subfield code="r">2021-03-16</subfield>
    <subfield code="t">e.2</subfield>
    <subfield code="w">2021-03-16</subfield>
    <subfield code="y">BK</subfield>
  </datafield>
  <datafield tag="952" ind1=" " ind2=" ">
    <subfield code="0">0</subfield>
    <subfield code="1">0</subfield>
    <subfield code="2">ddc</subfield>
    <subfield code="4">0</subfield>
    <subfield code="7">0</subfield>
    <subfield code="8">CD</subfield>
    <subfield code="a">BPMET</subfield>
    <subfield code="b">BPMET</subfield>
    <subfield code="d">2021-03-16</subfield>
    <subfield code="e">Editora Nacional </subfield>
    <subfield code="o">BPMSU CD RD861.44 R595p 2017</subfield>
    <subfield code="p">BPMSU22070004</subfield>
    <subfield code="r">2022-07-06</subfield>
    <subfield code="t">e.3</subfield>
    <subfield code="w">2021-03-16</subfield>
    <subfield code="y">BK</subfield>
  </datafield>
  <datafield tag="999" ind1=" " ind2=" ">
    <subfield code="c">13388</subfield>
    <subfield code="d">13388</subfield>
  </datafield>
</record>
